Yüreklerimiz hala yangın yeri : (Record no. 13381)

MARC details
000 -BAŞLIK
Sabit Uzunlukta Kontrol Alanı 00836nam a22002417a 4500
999 ## - SİSTEM KONTROL NUMARALARI (KOHA)
Koha Biblionumber 13381
Koha Biblioitemnumber 13381
003 - KONTROL NUMARASI IDENTIFIER
Denetim Alanı MIRAKIL
005 - SON İŞLEM TARİHİ VE ZAMANI
Denetim Alanı 20190702120106.0
008 - SABİT-BOY VERİ ELEMANLARI - GENEL BİLGİLER
Sabit Uzunlukta Kontrol Alanı
020 ## - ULUSLARARASI STANDART KİTAP NUMARASI
Uluslararası Standart Kitap Numarası 9786054274192
040 ## - KATALOGLAMA KAYNAK
Metne Dönüştürmek Ajansı TR-AnCHP
Orijinal Kataloglama Ajansı TR-AnCHP
041 ## - DİL KODU
Metin / Ses Parça Veya Ayrı Başlığın Dil Kodu tur
082 ## - DEWEY ONLU SINIFLANDIRMA NUMARASI
Sınıflandırma Numarası 320.9561
Ürün Numarası T94y 2010
100 1# - ANA GİRİŞ - KİŞİSEL İSİM
Kişisel Ad Tüleylioğlu, Orhan.
245 10 - BAŞLIK TABLOSU
Başlık Yüreklerimiz hala yangın yeri :
Başlığın Kalan Sivas 2 Temmuz 1993/
Sorumluluk Tablosu, Vb Orhan Tüleylioğlu.
260 ## - YAYIN, DAĞITIM, VB
Yayın, Dağıtım, Vb Yeri Ankara:
Yayıncı, Dağıtıcı, Vs Adı Uğur Mumcu araştırmacı Gazetecilik Vakfı,
Yayın, Dağıtım, Vb Tarihi 2010.
300 ## - FİZİKSEL TANIM
Kapsam 582 s. :
Diğer Fiziksel Ayrıntıları fotg.,
Boyutlar 23 sm.
490 0# - SERİSİ TABLOSU
Seri Beyanı Um:ag Vakfı yayınları :
-- Araştırma dizisi:
Hacim / Ardışık Tanımı 125.
-- 6.
650 #0 - KONU KATMA GİRİŞ - TOPİKAL DÖNEM
Topikal Süreli Veya Coğrafi Ad Giriş Elemanı İslam ve siyaset
Genel Alt Bölümü Türkiye
9 (RLIN) 5069
650 #0 - KONU KATMA GİRİŞ - TOPİKAL DÖNEM
Topikal Süreli Veya Coğrafi Ad Giriş Elemanı Siyasal suçlar
Genel Alt Bölümü Sivas katliamı
9 (RLIN) 5863
Kronolojik Alt Bölümü 1993
651 #0 - KONU KATMA GİRİŞ - COĞRAFİ ADI
9 (RLIN) 5865
Coğrafi İsim Sivas, Türkiye
Genel Alt Bölümü Toplumsal olaylar
Kronolojik Alt Bölümü 1993
740 ## - KATMA GİRİŞ - KONTROLSUZ İLGİLİ / ANALİTİK BAŞLIK
Kontrol Edilmeyen / İlgili Analitik Başlıktaki Madımak Oteli
942 ## - EKLENDİ GİRİŞ ELEMANLARI (KOHA)
Sınıflandırma Veya Raf Düzeni Kaynak Dewey Decimal Classification
Koha Öğesi Türü Books
Holdings
Kalıcı Konum Mevcut Konum Edinme Tarihi Toplam Check-Out'Lar Tam Çağrı Numarası Barkod Tarih Son Görülme İtibaren Geçerli Fiyatlar Sigara Kamu Notu Koha Öğesi Türü
CHP Kütüphanesi CHP Kütüphanesi 07/02/2019   320.9561 T94y 2010 019250 07/02/2019 07/02/2019 Ertuğrul Çepni bağışıdır. Books